| 000 | 004090000a22001690004500 | ||
|---|---|---|---|
| 003 | MACL | ||
| 005 | 20160108131306.0 | ||
| 008 | 160108b xxu||||| |||| 00| 0 eng d | ||
| 040 |
_aMACL _cMACL |
||
| 041 | _aEnglish | ||
| 082 | _a910/SNO | ||
| 100 |
_aSnow, Edgar _929660 |
||
| 245 | _aRed Star over China | ||
| 260 |
_bVictor Gollancz _c1963 _aLondon |
||
| 650 |
_aTravel _929661 |
||
| 942 |
_cBK _k910/Sno _2ddc |
||
| 999 |
_c35294 _d35294 |
||